| 000 | 00574nam a2200169 a 4500 | ||
|---|---|---|---|
| 008 | 120416s0000 ||||||||||||||||| || u | ||
| 020 | _a0070825467 | ||
| 050 | _aHF 5726 Ste | ||
| 100 | _aStewart, Marie M | ||
| 245 | 1 | 0 | _aTeachers manual and key for business English and communication |
| 250 | _a2nd ed. | ||
| 260 |
_aToronto _bMcGraw-Hill _c1977 |
||
| 300 | _aiv, 220p. | ||
| 350 | _a0.00 | ||
| 700 | _aZimmer, Kenneth | ||
| 995 |
_D0.00 _FCBU-MAIN LIBRARY (Kitwe) _H1 _I7.95 _M1 _UDAMAGED _ZMain Library Open Access Collection |
||
| 999 |
_c59462 _d59462 |
||